[Event "Villarobledo Online Qualifyer"]
[Site "playchess.com #155672"]
[Date "2009.05.23"]
[Round "8"]
[White "Kingsize"]
[Black "Krondor"]
[Result "1-0"]
[WhiteElo "1455"]
[BlackElo "1481"]
[PlyCount "69"]
[EventDate "2009.05.23"]
[EventType "swiss (blitz)"]

1. e4 {[%emt 0:00:06]} e5 {[%emt 0:00:02]} 2. Nf3 {[%emt 0:00:04]} Nf6 {[%emt
0:00:02]} 3. Nxe5 {[%emt 0:00:02]} d6 {[%emt 0:00:01]} 4. Nc4 {[%emt 0:00:02]}
Nxe4 {[%emt 0:00:03]} 5. d4 {[%emt 0:00:02]} Qe7 {[%emt 0:00:04]} 6. Be2 {
[%emt 0:00:02]} Bg4 {[%emt 0:00:17]} 7. Be3 {[%emt 0:00:07]} Bxe2 {[%emt 0:00:
13]} 8. Qxe2 {[%emt 0:00:02]} Nd7 {[%emt 0:00:04]} 9. Nc3 {[%emt 0:00:07]} Nxc3
{[%emt 0:00:06]} 10. bxc3 {[%emt 0:00:02]} Qe6 {[%emt 0:00:08]} 11. O-O {[%emt
0:00:04]} Be7 {[%emt 0:00:13]} 12. Na5 {[%emt 0:00:02]} b6 {[%emt 0:00:21]} 13.
Nc6 {[%emt 0:00:03]} O-O {[%emt 0:00:04]} 14. Nxe7+ {[%emt 0:00:02]} Qxe7 {
[%emt 0:00:02]} 15. Qf3 {[%emt 0:00:01]} h6 {[%emt 0:00:08]} 16. Rfe1 {[%emt 0:
00:06]} Qd8 {[%emt 0:00:14]} 17. Qg3 {[%emt 0:00:02]} Qf6 {[%emt 0:00:10]} 18.
Qg4 {[%emt 0:00:14]} Rad8 {[%emt 0:00:23]} 19. Bd2 {[%emt 0:00:11]} Qg6 {[%emt
0:00:14]} 20. Qxg6 {[%emt 0:00:14]} fxg6 {[%emt 0:00:02]} 21. Re7 {[%emt 0:00:
02]} Rf6 {[%emt 0:00:29]} 22. Rae1 {[%emt 0:00:03]} Rf7 {[%emt 0:00:10]} 23. f3
{[%emt 0:00:14]} Rxe7 {[%emt 0:00:06]} 24. Rxe7 {[%emt 0:00:01]} Kf8 {[%emt 0:
00:02]} 25. Re6 {[%emt 0:00:05]} Kf7 {[%emt 0:00:03]} 26. Re2 {[%emt 0:00:02]}
g5 {[%emt 0:00:03]} 27. Kf2 {[%emt 0:00:02]} Nf6 {[%emt 0:00:08]} 28. Kg3 {
[%emt 0:00:04]} c5 {[%emt 0:00:02]} 29. h4 {[%emt 0:00:06]} gxh4+ {[%emt 0:00:
04]} 30. Kxh4 {[%emt 0:00:01]} c4 {[%emt 0:00:01]} 31. Kg3 {[%emt 0:00:02]} Nd5
{[%emt 0:00:02]} 32. Kg4 {[%emt 0:00:06]} Nf6+ {[%emt 0:00:04]} 33. Kf5 {[%emt
0:00:03]} d5 {[%emt 0:00:04] '} 34. g4 {[%emt 0:00:04] .} g6+ {[%emt 0:00:01]}
35. Kf4 {[%emt 0:00:01] Time} 1-0

[Event "Villarobledo Online Qualifyer"]
[Site "playchess.com #155672"]
[Date "2009.05.23"]
[Round "8"]
[White "Cemcakan3"]
[Black "Byrdmanjr"]
[Result "1-0"]
[WhiteElo "2185"]
[BlackElo "1971"]
[PlyCount "59"]
[EventDate "2009.05.23"]
[EventType "swiss (blitz)"]

1. d4 {[%emt 0:00:00]} d5 {[%emt 0:00:04]} 2. c4 {[%emt 0:00:01]} e6 {[%emt 0:
00:02]} 3. Nc3 {[%emt 0:00:01]} Nf6 {[%emt 0:00:01]} 4. cxd5 {[%emt 0:00:01]}
exd5 {[%emt 0:00:00]} 5. Bg5 {[%emt 0:00:00]} Bb4 {[%emt 0:00:02]} 6. e3 {
[%emt 0:00:07]} c6 {[%emt 0:00:02]} 7. Bd3 {[%emt 0:00:04]} Be6 {[%emt 0:00:04]
} 8. Nf3 {[%emt 0:00:05]} Nbd7 {[%emt 0:00:03]} 9. O-O {[%emt 0:00:00]} h6 {
[%emt 0:00:03]} 10. Bh4 {[%emt 0:00:02]} g5 {[%emt 0:00:02]} 11. Bg3 {[%emt 0:
00:01]} Bg4 {[%emt 0:00:02]} 12. a3 {[%emt 0:00:11]} Bxc3 {[%emt 0:00:02]} 13.
bxc3 {[%emt 0:00:01]} Ne4 {[%emt 0:00:01]} 14. Qc2 {[%emt 0:00:11]} Bxf3 {
[%emt 0:00:04]} 15. gxf3 {[%emt 0:00:01]} Nef6 {[%emt 0:00:06]} 16. e4 {[%emt
0:00:05]} O-O {[%emt 0:00:03]} 17. e5 {[%emt 0:00:03]} Nh5 {[%emt 0:00:05]} 18.
Qe2 {[%emt 0:00:30]} f5 {[%emt 0:00:11]} 19. e6 {[%emt 0:00:13]} f4 {[%emt 0:
00:35]} 20. e7 {[%emt 0:00:04]} Qc7 {[%emt 0:00:04]} 21. exf8=Q+ {[%emt 0:00:
07]} Nxf8 {[%emt 0:00:03]} 22. Rfe1 {[%emt 0:00:19]} fxg3 {[%emt 0:00:04]} 23.
hxg3 {[%emt 0:00:01]} Nxg3 {[%emt 0:00:18]} 24. fxg3 {[%emt 0:00:04]} Qxg3+ {
[%emt 0:00:02]} 25. Qg2 {[%emt 0:00:00]} Qf4 {[%emt 0:00:09]} 26. Ra2 {[%emt 0:
00:13]} Nd7 {[%emt 0:00:08]} 27. Qg4 {[%emt 0:00:04]} Rf8 {[%emt 0:00:32]} 28.
Qe6+ {[%emt 0:00:24]} Kh8 {[%emt 0:00:33]} 29. Qxh6+ {[%emt 0:00:02]} Kg8 {
[%emt 0:00:04]} 30. Qh7# {[%emt 0:00:01] (Lag: Av=1.15s, max=2.8s)} 1-0

[Event "Villarobledo Online Qualifyer"]
[Site "playchess.com #155672"]
[Date "2009.05.23"]
[Round "8"]
[White "Slavmonster"]
[Black "Murri"]
[Result "0-1"]
[WhiteElo "2118"]
[BlackElo "1781"]
[PlyCount "54"]
[EventDate "2009.05.23"]
[EventType "swiss (blitz)"]

1. e4 {[%emt 0:00:00]} c5 {[%emt 0:00:01]} 2. Nf3 {[%emt 0:00:01]} d6 {[%emt 0:
00:02]} 3. d4 {[%emt 0:00:01]} cxd4 {[%emt 0:00:01]} 4. Nxd4 {[%emt 0:00:00]}
Nf6 {[%emt 0:00:01]} 5. Nc3 {[%emt 0:00:01]} a6 {[%emt 0:00:01]} 6. Bg5 {[%emt
0:00:02]} e6 {[%emt 0:00:09]} 7. f4 {[%emt 0:00:03]} Be7 {[%emt 0:00:01]} 8.
Qf3 {[%emt 0:00:02]} Qc7 {[%emt 0:00:09]} 9. O-O-O {[%emt 0:00:02]} h6 {[%emt
0:00:03]} 10. Qh3 {[%emt 0:00:19]} Nc6 {[%emt 0:00:24]} 11. f5 {[%emt 0:00:20]}
Nxd4 {[%emt 0:00:09]} 12. Rxd4 {[%emt 0:00:03]} exf5 {[%emt 0:00:07]} 13. exf5
{[%emt 0:00:02]} Bxf5 {[%emt 0:00:05]} 14. Qxf5 {[%emt 0:00:05]} hxg5 {[%emt 0:
00:03]} 15. Bc4 {[%emt 0:00:27]} b5 {[%emt 0:00:26]} 16. Nd5 {[%emt 0:00:55]}
Qc5 {[%emt 0:01:00]} 17. Nxf6+ {[%emt 0:00:48]} gxf6 {[%emt 0:00:02]} 18. Bd5 {
[%emt 0:00:08]} Ra7 {[%emt 0:00:05]} 19. Rd2 {[%emt 0:00:01]} Qe3 {[%emt 0:00:
16]} 20. Kd1 {[%emt 0:00:02]} Rc7 {[%emt 0:00:04]} 21. Re1 {[%emt 0:00:01]} Qc5
{[%emt 0:00:04]} 22. Qxf6 {[%emt 0:00:02]} Rf8 {[%emt 0:00:07]} 23. Qxg5 {
[%emt 0:00:08]} Kd8 {[%emt 0:00:03]} 24. Qg7 {[%emt 0:00:05]} a5 {[%emt 0:00:
07]} 25. Rxe7 {[%emt 0:00:01]} Rxe7 {[%emt 0:00:02]} 26. Qxf8+ {[%emt 0:00:01]}
Kd7 {[%emt 0:00:01]} 27. Bxf7 {[%emt 0:00:02]} Qg1# {[%emt 0:00:03]} 0-1

[Event "Villarobledo Online Qualifyer"]
[Site "playchess.com #155672"]
[Date "2009.05.23"]
[Round "8"]
[White "Juanma9413"]
[Black "Manza"]
[Result "1-0"]
[WhiteElo "1814"]
[BlackElo "1559"]
[PlyCount "85"]
[EventDate "2009.05.23"]
[EventType "swiss (blitz)"]

1. e4 {[%emt 0:00:03]} c5 {[%emt 0:00:03]} 2. Ne2 {[%emt 0:00:03]} e6 {[%emt 0:
00:03]} 3. g3 {[%emt 0:00:07]} Nc6 {[%emt 0:00:04]} 4. Bg2 {[%emt 0:00:02]} Nf6
{[%emt 0:00:03]} 5. d4 {[%emt 0:00:04]} cxd4 {[%emt 0:00:02]} 6. Nxd4 {[%emt 0:
00:01]} Bc5 {[%emt 0:00:09]} 7. Be3 {[%emt 0:00:17]} Qb6 {[%emt 0:00:16]} 8. c3
{[%emt 0:00:10]} e5 {[%emt 0:00:19]} 9. Nf5 {[%emt 0:00:15]} Bxe3 {[%emt 0:00:
02]} 10. Nxe3 {[%emt 0:00:01]} Qxb2 {[%emt 0:00:22]} 11. Nd2 {[%emt 0:00:02]}
Qxc3 {[%emt 0:00:07]} 12. O-O {[%emt 0:00:01]} Qa5 {[%emt 0:00:17]} 13. Ndc4 {
[%emt 0:00:03]} Qc7 {[%emt 0:00:20]} 14. Nd6+ {[%emt 0:00:01]} Ke7 {[%emt 0:00:
01]} 15. Qb3 {[%emt 0:00:17]} Nd8 {[%emt 0:00:33]} 16. Rac1 {[%emt 0:00:12]}
Qb6 {[%emt 0:00:06]} 17. Nef5+ {[%emt 0:00:13]} Kf8 {[%emt 0:00:05]} 18. Qxb6 {
[%emt 0:00:13]} axb6 {[%emt 0:00:02]} 19. Rxc8 {[%emt 0:00:01]} Rxc8 {[%emt 0:
00:02]} 20. Nxc8 {[%emt 0:00:01]} b5 {[%emt 0:00:22]} 21. Rb1 {[%emt 0:00:02]}
g6 {[%emt 0:00:08]} 22. Ne3 {[%emt 0:00:02]} Kg7 {[%emt 0:00:09]} 23. Nd6 {
[%emt 0:00:04]} Ne6 {[%emt 0:00:03]} 24. Rxb5 {[%emt 0:00:03]} Nd4 {[%emt 0:00:
02]} 25. Rxb7 {[%emt 0:00:02]} Ra8 {[%emt 0:00:01]} 26. Rb2 {[%emt 0:00:07]}
Ra4 {[%emt 0:00:06]} 27. h4 {[%emt 0:00:03]} Ra6 {[%emt 0:00:01]} 28. Ndc4 {
[%emt 0:00:02]} Rc6 {[%emt 0:00:03]} 29. Nxe5 {[%emt 0:00:02]} Re6 {[%emt 0:00:
02]} 30. N5g4 {[%emt 0:00:05]} Nxe4 {[%emt 0:00:02]} 31. Bxe4 {[%emt 0:00:03]}
Rxe4 {[%emt 0:00:00]} 32. Nh2 {[%emt 0:00:02]} Nf5 {[%emt 0:00:03]} 33. Kg2 {
[%emt 0:00:01]} Nxe3+ {[%emt 0:00:02]} 34. fxe3 {[%emt 0:00:01]} Rxe3 {[%emt 0:
00:01]} 35. Kf2 {[%emt 0:00:01]} Re5 {[%emt 0:00:03]} 36. a4 {[%emt 0:00:03]}
Ra5 {[%emt 0:00:02]} 37. Ra2 {[%emt 0:00:01]} f5 {[%emt 0:00:02]} 38. Nf3 {
[%emt 0:00:01]} Kf6 {[%emt 0:00:01]} 39. Ke3 {[%emt 0:00:02]} d5 {[%emt 0:00:
01]} 40. Kd4 {[%emt 0:00:01]} Ke6 {[%emt 0:00:01]} 41. Nd2 {[%emt 0:00:03]} h6
{[%emt 0:00:02]} 42. Nb3 {[%emt 0:00:01]} Ra6 {[%emt 0:00:03]} 43. Nc5+ {[%emt
0:00:01] Manza rinde} 1-0

[Event "Villarobledo Online Qualifyer"]
[Site "playchess.com #155672"]
[Date "2009.05.23"]
[Round "8"]
[White "Markus Lammers"]
[Black "ZECE"]
[Result "0-1"]
[WhiteElo "2480"]
[BlackElo "2040"]
[PlyCount "72"]
[EventDate "2009.05.23"]
[EventType "swiss (blitz)"]

1. e4 {[%emt 0:00:01]} Nc6 {[%emt 0:00:06]} 2. d4 {[%emt 0:00:01]} e6 {[%emt 0:
00:08]} 3. Nc3 {[%emt 0:00:07]} Nf6 {[%emt 0:00:04]} 4. e5 {[%emt 0:00:02]} Nd5
{[%emt 0:00:06]} 5. Nxd5 {[%emt 0:00:04]} exd5 {[%emt 0:00:03]} 6. f4 {[%emt 0:
00:01]} d6 {[%emt 0:00:05]} 7. Nf3 {[%emt 0:00:01]} dxe5 {[%emt 0:00:04]} 8.
fxe5 {[%emt 0:00:00]} Be7 {[%emt 0:00:05]} 9. Bd3 {[%emt 0:00:03]} Nb4 {[%emt
0:00:06]} 10. O-O {[%emt 0:00:02]} Nxd3 {[%emt 0:00:04]} 11. Qxd3 {[%emt 0:00:
00]} O-O {[%emt 0:00:05]} 12. c3 {[%emt 0:00:16]} h6 {[%emt 0:00:05]} 13. Bf4 {
[%emt 0:00:12]} Be6 {[%emt 0:00:06]} 14. Rf2 {[%emt 0:00:14]} Qd7 {[%emt 0:00:
04]} 15. Raf1 {[%emt 0:00:02]} Bf5 {[%emt 0:00:07]} 16. Qe3 {[%emt 0:00:01]}
Qb5 {[%emt 0:00:05]} 17. Bxh6 {[%emt 0:00:41]} gxh6 {[%emt 0:00:07]} 18. Qxh6 {
[%emt 0:00:02]} Qa6 {[%emt 0:00:08]} 19. Qf4 {[%emt 0:00:11]} Qg6 {[%emt 0:00:
08]} 20. Nh4 {[%emt 0:00:11]} Bxh4 {[%emt 0:00:05]} 21. Qxh4 {[%emt 0:00:00]}
Be4 {[%emt 0:00:06]} 22. Qh3 {[%emt 0:00:43]} Qh7 {[%emt 0:00:06]} 23. Qe3 {
[%emt 0:00:07]} a5 {[%emt 0:00:04]} 24. Rf6 {[%emt 0:00:25]} Ra6 {[%emt 0:00:
04]} 25. R1f4 {[%emt 0:00:03]} Rxf6 {[%emt 0:00:06]} 26. exf6 {[%emt 0:00:01]}
Qh5 {[%emt 0:00:05]} 27. Qg3+ {[%emt 0:00:02]} Bg6 {[%emt 0:00:07]} 28. h3 {
[%emt 0:00:01]} Rc8 {[%emt 0:00:08]} 29. Rh4 {[%emt 0:00:02]} Qf5 {[%emt 0:00:
05]} 30. Rf4 {[%emt 0:00:06]} Qe6 {[%emt 0:00:04]} 31. h4 {[%emt 0:00:01]} Re8
{[%emt 0:00:04]} 32. h5 {[%emt 0:00:02]} Qe1+ {[%emt 0:00:04]} 33. Qxe1 {[%emt
0:00:01]} Rxe1+ {[%emt 0:00:05]} 34. Kf2 {[%emt 0:00:00]} Re4 {[%emt 0:00:05]}
35. Kf3 {[%emt 0:00:13]} Bxh5+ {[%emt 0:00:06]} 36. g4 {[%emt 0:00:01]} Bg6 {
[%emt 0:00:05] Markus Lammers gibt auf} 0-1

[Event "Villarobledo Online Qualifyer"]
[Site "playchess.com #155672"]
[Date "2009.05.23"]
[Round "8"]
[White "HappyTriggerFool"]
[Black "Yang Guo"]
[Result "0-1"]
[WhiteElo "2501"]
[BlackElo "2848"]
[PlyCount "68"]
[EventDate "2009.05.23"]
[EventType "swiss (blitz)"]

1. e4 {[%emt 0:00:01]} e6 {[%emt 0:00:03]} 2. d3 {[%emt 0:00:04]} d5 {[%emt 0:
00:01]} 3. Nd2 {[%emt 0:00:00]} Nf6 {[%emt 0:00:00]} 4. Ngf3 {[%emt 0:00:01]}
Bc5 {[%emt 0:00:00]} 5. h3 {[%emt 0:00:14]} Bb6 {[%emt 0:00:12]} 6. g3 {[%emt
0:00:03]} O-O {[%emt 0:00:06]} 7. Bg2 {[%emt 0:00:01]} c5 {[%emt 0:00:04]} 8.
O-O {[%emt 0:00:01]} Nc6 {[%emt 0:00:00]} 9. Qe2 {[%emt 0:00:06]} Bd7 {[%emt 0:
00:15]} 10. c3 {[%emt 0:00:04]} Bc7 {[%emt 0:00:14]} 11. Re1 {[%emt 0:00:04]}
b5 {[%emt 0:00:14]} 12. Nf1 {[%emt 0:00:04]} c4 {[%emt 0:00:04]} 13. e5 {[%emt
0:00:01]} cxd3 {[%emt 0:00:04]} 14. Qxd3 {[%emt 0:00:01]} Ne4 {[%emt 0:00:01]}
15. Qxb5 {[%emt 0:00:16]} Nxe5 {[%emt 0:00:03]} 16. Qe2 {[%emt 0:00:01]} Ng6 {
[%emt 0:00:11]} 17. N1d2 {[%emt 0:00:06]} Nd6 {[%emt 0:00:01]} 18. a4 {[%emt 0:
00:09]} e5 {[%emt 0:00:05]} 19. c4 {[%emt 0:00:07]} e4 {[%emt 0:00:07]} 20. Nd4
{[%emt 0:00:09]} Bb6 {[%emt 0:00:01]} 21. N4b3 {[%emt 0:00:08]} e3 {[%emt 0:00:
20]} 22. c5 {[%emt 0:00:14]} exd2 {[%emt 0:00:09]} 23. Bxd2 {[%emt 0:00:01]}
Ne4 {[%emt 0:00:09]} 24. Bxe4 {[%emt 0:00:08]} dxe4 {[%emt 0:00:03]} 25. cxb6 {
[%emt 0:00:06]} Qxb6 {[%emt 0:00:00]} 26. Ra3 {[%emt 0:00:01]} Bxh3 {[%emt 0:
00:02]} 27. Qxe4 {[%emt 0:00:09]} Rfe8 {[%emt 0:00:26]} 28. Qd5 {[%emt 0:00:29]
} Rxe1+ {[%emt 0:00:11]} 29. Bxe1 {[%emt 0:00:02]} Rd8 {[%emt 0:00:02]} 30. Qh5
{[%emt 0:00:01]} Qe6 {[%emt 0:00:11]} 31. Ba5 {[%emt 0:00:13]} Rd5 {[%emt 0:00:
08]} 32. Qf3 {[%emt 0:00:12]} Ne5 {[%emt 0:00:02]} 33. Qe4 {[%emt 0:00:08]}
Rd1+ {[%emt 0:00:08]} 34. Kh2 {[%emt 0:00:03]} Ng4+ {[%emt 0:00:01]
HappyTriggerFool gibt auf} 0-1

[Event "Villarobledo Online Qualifyer"]
[Site "playchess.com #155672"]
[Date "2009.05.23"]
[Round "8"]
[White "Shatterhand"]
[Black "Maguljica"]
[Result "0-1"]
[WhiteElo "2424"]
[BlackElo "2170"]
[PlyCount "72"]
[EventDate "2009.05.23"]
[EventType "swiss (blitz)"]

1. c4 {[%emt 0:00:02]} Nf6 {[%emt 0:00:02]} 2. Nc3 {[%emt 0:00:00]} d5 {[%emt
0:00:01]} 3. d4 {[%emt 0:00:09]} g6 {[%emt 0:00:03]} 4. Nf3 {[%emt 0:00:02]}
Bg7 {[%emt 0:00:02]} 5. e3 {[%emt 0:00:01]} O-O {[%emt 0:00:02]} 6. Bd2 {[%emt
0:00:01]} dxc4 {[%emt 0:00:13]} 7. Bxc4 {[%emt 0:00:01]} c5 {[%emt 0:00:04]} 8.
dxc5 {[%emt 0:00:02]} Qc7 {[%emt 0:00:01]} 9. b4 {[%emt 0:00:03]} a5 {[%emt 0:
00:07]} 10. a3 {[%emt 0:00:03]} axb4 {[%emt 0:00:01]} 11. axb4 {[%emt 0:00:00]}
Rxa1 {[%emt 0:00:01]} 12. Qxa1 {[%emt 0:00:00]} Ne4 {[%emt 0:00:14]} 13. Qa3 {
[%emt 0:00:52]} Nxd2 {[%emt 0:00:40]} 14. Nxd2 {[%emt 0:00:00]} Qe5 {[%emt 0:
00:02]} 15. Nb5 {[%emt 0:00:36]} Rd8 {[%emt 0:00:21]} 16. Nf3 {[%emt 0:00:17]}
Qe4 {[%emt 0:00:13]} 17. Bxf7+ {[%emt 0:00:03]} Kh8 {[%emt 0:00:19]} 18. O-O {
[%emt 0:00:01]} Bg4 {[%emt 0:00:04]} 19. Nbd4 {[%emt 0:00:12]} Nc6 {[%emt 0:00:
16]} 20. Nd2 {[%emt 0:00:39]} Qe5 {[%emt 0:00:19]} 21. Nc4 {[%emt 0:00:06]} Qf6
{[%emt 0:00:06]} 22. Nxc6 {[%emt 0:00:13]} bxc6 {[%emt 0:00:00]} 23. Qa5 {
[%emt 0:00:05]} Rf8 {[%emt 0:00:01]} 24. Qc7 {[%emt 0:00:12]} Qxf7 {[%emt 0:00:
01]} 25. Qxc6 {[%emt 0:00:01]} Qxc4 {[%emt 0:00:02]} 26. b5 {[%emt 0:00:00]}
Rc8 {[%emt 0:00:03]} 27. Qb7 {[%emt 0:00:05]} Qxc5 {[%emt 0:00:01]} 28. h3 {
[%emt 0:00:01]} Bf5 {[%emt 0:00:01]} 29. b6 {[%emt 0:00:01]} Qc6 {[%emt 0:00:
02]} 30. Qa7 {[%emt 0:00:01]} Be5 {[%emt 0:00:02]} 31. b7 {[%emt 0:00:01]} Rb8
{[%emt 0:00:02]} 32. g3 {[%emt 0:00:02]} Rxb7 {[%emt 0:00:02]} 33. Qa8+ {[%emt
0:00:02]} Kg7 {[%emt 0:00:02]} 34. g4 {[%emt 0:00:03]} Be6 {[%emt 0:00:01]} 35.
h4 {[%emt 0:00:01]} Rb6 {[%emt 0:00:01]} 36. Qxc6 {[%emt 0:00:01]} Rxc6 {[%emt
0:00:00] Shatterhand gibt auf} 0-1

[Event "Villarobledo Online Qualifyer"]
[Site "playchess.com #155672"]
[Date "2009.05.23"]
[Round "8"]
[White "Timeh123"]
[Black "Lupi_linares"]
[Result "0-1"]
[WhiteElo "1546"]
[BlackElo "1751"]
[PlyCount "68"]
[EventDate "2009.05.23"]
[EventType "swiss (blitz)"]

1. e4 {[%emt 0:00:01]} c5 {[%emt 0:00:02]} 2. Nc3 {[%emt 0:00:02]} d6 {[%emt 0:
00:01]} 3. f4 {[%emt 0:00:01]} g6 {[%emt 0:00:02]} 4. Nf3 {[%emt 0:00:01]} Bg7
{[%emt 0:00:01]} 5. g3 {[%emt 0:00:02]} Nc6 {[%emt 0:00:02]} 6. Bg2 {[%emt 0:
00:02]} e6 {[%emt 0:00:01]} 7. O-O {[%emt 0:00:04]} Nge7 {[%emt 0:00:01]} 8. g4
{[%emt 0:00:01]} O-O {[%emt 0:00:01]} 9. Qe1 {[%emt 0:00:05]} f5 {[%emt 0:00:
02]} 10. gxf5 {[%emt 0:00:01]} gxf5 {[%emt 0:00:02]} 11. exf5 {[%emt 0:00:02]}
Nxf5 {[%emt 0:00:01]} 12. d3 {[%emt 0:00:04]} Bd7 {[%emt 0:00:23]} 13. Ng5 {
[%emt 0:00:02]} Re8 {[%emt 0:00:10]} 14. Be4 {[%emt 0:00:15]} h6 {[%emt 0:00:
04]} 15. Nh3 {[%emt 0:00:10]} Ncd4 {[%emt 0:00:08]} 16. Qf2 {[%emt 0:00:13]} d5
{[%emt 0:00:09]} 17. Bg2 {[%emt 0:00:06]} Kh7 {[%emt 0:00:11] Timeh123 claimt
winst na onderbreking Timeh123 claimt winst na onderbreking} 18. Be3 {[%emt 0:
01:17]} Nxe3 {[%emt 0:00:05]} 19. Qxe3 {[%emt 0:00:01]} Nxc2 {[%emt 0:00:01]}
20. Qg3 {[%emt 0:00:05]} Bd4+ {[%emt 0:00:04]} 21. Kh1 {[%emt 0:00:02]} Rg8 {
[%emt 0:00:02]} 22. Qf3 {[%emt 0:00:06]} Nxa1 {[%emt 0:00:03]} 23. Rxa1 {[%emt
0:00:02]} Qf6 {[%emt 0:00:08]} 24. Rc1 {[%emt 0:00:04]} Rg7 {[%emt 0:00:04]}
25. Rc2 {[%emt 0:00:11]} Rag8 {[%emt 0:00:04]} 26. Ne2 {[%emt 0:00:13]} Bxb2 {
[%emt 0:00:04]} 27. Neg1 {[%emt 0:00:06]} Bd4 {[%emt 0:00:05]} 28. a4 {[%emt 0:
00:04]} e5 {[%emt 0:00:06]} 29. fxe5 {[%emt 0:00:03]} Qxf3 {[%emt 0:00:04]} 30.
Nxf3 {[%emt 0:00:00]} Bxh3 {[%emt 0:00:24]} 31. Bxh3 {[%emt 0:00:01]} Bxe5 {
[%emt 0:00:01]} 32. Rxc5 {[%emt 0:00:05]} Bd4 {[%emt 0:00:08]} 33. Rxd5 {[%emt
0:00:06]} Rg1+ {[%emt 0:00:03]} 34. Nxg1 {[%emt 0:00:05]} Rxg1# {[%emt 0:00:01]
} 0-1

[Event "Villarobledo Online Qualifyer"]
[Site "playchess.com #155672"]
[Date "2009.05.23"]
[Round "8"]
[White "Direchess"]
[Black "Hauberk"]
[Result "0-1"]
[WhiteElo "2058"]
[BlackElo "2326"]
[PlyCount "66"]
[EventDate "2009.05.23"]
[EventType "swiss (blitz)"]

1. e4 {[%emt 0:00:02]} e5 {[%emt 0:00:01]} 2. Nf3 {[%emt 0:00:02]} Nc6 {[%emt
0:00:01]} 3. d4 {[%emt 0:00:01]} exd4 {[%emt 0:00:01]} 4. Nxd4 {[%emt 0:00:00]}
g6 {[%emt 0:00:01]} 5. Nxc6 {[%emt 0:00:04]} bxc6 {[%emt 0:00:03]} 6. Bc4 {
[%emt 0:00:08]} Bg7 {[%emt 0:00:03]} 7. O-O {[%emt 0:00:04]} Ne7 {[%emt 0:00:
02]} 8. Bg5 {[%emt 0:00:14]} h6 {[%emt 0:00:02]} 9. Bc1 {[%emt 0:00:04]} O-O {
[%emt 0:00:04]} 10. Nc3 {[%emt 0:00:01]} Kh7 {[%emt 0:00:20]} 11. Rb1 {[%emt 0:
00:03]} f5 {[%emt 0:00:07]} 12. exf5 {[%emt 0:00:16]} Nxf5 {[%emt 0:00:04]} 13.
Bd3 {[%emt 0:00:06]} d5 {[%emt 0:00:02]} 14. h3 {[%emt 0:00:12]} Rb8 {[%emt 0:
00:31]} 15. Bd2 {[%emt 0:00:03]} Qf6 {[%emt 0:00:18]} 16. Qe2 {[%emt 0:00:11]}
Bd7 {[%emt 0:00:05]} 17. Nd1 {[%emt 0:00:40]} Nd4 {[%emt 0:00:04]} 18. Qe3 {
[%emt 0:00:13]} Rbe8 {[%emt 0:00:03]} 19. Qg3 {[%emt 0:00:03]} Ne2+ {[%emt 0:
00:17]} 20. Bxe2 {[%emt 0:00:03]} Rxe2 {[%emt 0:00:00]} 21. Qd3 {[%emt 0:00:23]
} Re4 {[%emt 0:00:20]} 22. Nc3 {[%emt 0:00:10]} Rd4 {[%emt 0:00:07]} 23. Qe2 {
[%emt 0:00:12]} Re8 {[%emt 0:00:06]} 24. Be3 {[%emt 0:00:01]} Rh4 {[%emt 0:00:
18]} 25. Rbd1 {[%emt 0:00:27]} d4 {[%emt 0:00:01]} 26. Bxd4 {[%emt 0:00:02]}
Rxd4 {[%emt 0:00:05]} 27. Qa6 {[%emt 0:00:05]} Rxd1 {[%emt 0:00:12]} 28. Rxd1 {
[%emt 0:00:00]} Bf5 {[%emt 0:00:04]} 29. Qxa7 {[%emt 0:00:02]} Bxc2 {[%emt 0:
00:02]} 30. Rd7 {[%emt 0:00:03]} Re1+ {[%emt 0:00:04]} 31. Kh2 {[%emt 0:00:01]}
Qf4+ {[%emt 0:00:01]} 32. g3 {[%emt 0:00:01]} Qf3 {[%emt 0:00:04]} 33. Rxc7 {
[%emt 0:00:03]} Rh1# {[%emt 0:00:02]} 0-1

[Event "Villarobledo Online Qualifyer"]
[Site "playchess.com #155672"]
[Date "2009.05.23"]
[Round "8"]
[White "Eddie"]
[Black "Mtudorache"]
[Result "1-0"]
[WhiteElo "1932"]
[BlackElo "1748"]
[PlyCount "79"]
[EventDate "2009.05.23"]
[EventType "swiss (blitz)"]

1. e4 {[%emt 0:00:02]} c5 {[%emt 0:00:01]} 2. Nf3 {[%emt 0:00:01]} Nc6 {[%emt
0:00:01]} 3. d4 {[%emt 0:00:02]} cxd4 {[%emt 0:00:01]} 4. Nxd4 {[%emt 0:00:01]}
Nf6 {[%emt 0:00:01]} 5. Nc3 {[%emt 0:00:01]} e5 {[%emt 0:00:01]} 6. Ndb5 {
[%emt 0:00:02]} d6 {[%emt 0:00:01]} 7. Bg5 {[%emt 0:00:01]} a6 {[%emt 0:00:01]}
8. Na3 {[%emt 0:00:01]} b5 {[%emt 0:00:01]} 9. Nd5 {[%emt 0:00:01]} Be7 {[%emt
0:00:01]} 10. Bxf6 {[%emt 0:00:01]} Bxf6 {[%emt 0:00:04]} 11. c3 {[%emt 0:00:
02]} O-O {[%emt 0:00:04]} 12. Nc2 {[%emt 0:00:01]} Bg5 {[%emt 0:00:03]} 13. h4
{[%emt 0:00:01]} Bh6 {[%emt 0:00:11]} 14. g4 {[%emt 0:00:01]} Bf4 {[%emt 0:00:
01]} 15. Qf3 {[%emt 0:00:02]} Re8 {[%emt 0:00:28]} 16. Bd3 {[%emt 0:00:04]} Bb7
{[%emt 0:00:08]} 17. Nce3 {[%emt 0:00:09]} Ne7 {[%emt 0:00:09]} 18. h5 {[%emt
0:00:10]} Bg5 {[%emt 0:00:09]} 19. h6 {[%emt 0:00:04]} g6 {[%emt 0:00:05]} 20.
Nf6+ {[%emt 0:00:07]} Kh8 {[%emt 0:00:11]} 21. Nxe8 {[%emt 0:00:01]} Qxe8 {
[%emt 0:00:02]} 22. Nd5 {[%emt 0:00:19]} Nxd5 {[%emt 0:00:24]} 23. exd5 {[%emt
0:00:00]} Qe7 {[%emt 0:00:09]} 24. Kf1 {[%emt 0:00:04]} Rf8 {[%emt 0:00:13]}
25. Kg2 {[%emt 0:00:06]} f5 {[%emt 0:00:04]} 26. gxf5 {[%emt 0:00:13]} gxf5 {
[%emt 0:00:00]} 27. Bxf5 {[%emt 0:00:19]} Bxd5 {[%emt 0:00:59]} 28. Qxd5 {
[%emt 0:00:19]} Rxf5 {[%emt 0:00:01]} 29. Rad1 {[%emt 0:00:29] .} Bh4 {[%emt 0:
00:03]} 30. Rxh4 {[%emt 0:00:12]} Qg5+ {[%emt 0:00:01]} 31. Kf1 {[%emt 0:00:06]
} Qf6 {[%emt 0:00:21]} 32. Qa8+ {[%emt 0:00:06]} Qf8 {[%emt 0:00:01]} 33. Qxf8+
{[%emt 0:00:01]} Rxf8 {[%emt 0:00:00]} 34. Rxd6 {[%emt 0:00:01]} Kg8 {[%emt 0:
00:01]} 35. Rg4+ {[%emt 0:00:02]} Kh8 {[%emt 0:00:00]} 36. Rd7 {[%emt 0:00:02]}
e4 {[%emt 0:00:01]} 37. Rgg7 {[%emt 0:00:02]} Rxf2+ {[%emt 0:00:00]} 38. Kxf2 {
[%emt 0:00:03]} e3+ {[%emt 0:00:01]} 39. Kxe3 {[%emt 0:00:02]} b4 {[%emt 0:00:
00]} 40. Rd8# {[%emt 0:00:01]} 1-0